00493nam a2200193Ia 4500003000400000008004100004040001600045082002000061100001700081245004600098700002300144700001800167260004700185300000900232650001300241650000900254650001500263650002100278GCL140319s9999 xx 000 0 eng d aGCL / cGCL04aCHb709.04bB U1 aCOOK, DUCHEN10aUNDERSTANDING MODERN ART / cCOOK, DUCHEN1 aCOOK, JANET (EDIT)1 aBOHEN, MONICA a[S.N] : bUSBORNE PUBLISHING LTD ، c1991 a64 P04aCHILDREN04aARTS04aMODERN ART04aCHILDREN - BOOKS